তা হলে বৃষ্টিদিন তা হলে ১৪ জুলাই / (Record no. 39126)
[ view plain ]
| 000 -LEADER | |
|---|---|
| fixed length control field | 00879nam a2200229 a 4500 |
| 001 - CONTROL NUMBER | |
| control field | 39126 |
| 003 - CONTROL NUMBER IDENTIFIER | |
| rucl marc code | BD-RjUL |
| 005 - DATE AND TIME OF LATEST TRANSACTION | |
| control field | 20211209052925.0 |
| 008 - FIXED-LENGTH DATA ELEMENTS--GENERAL INFORMATION | |
| fixed length control field | 160405s2008 bg ||||e |||| 000 0 ben d |
| 020 ## - INTERNATIONAL STANDARD BOOK NUMBER | |
| International Standard Book Number | 984050293X |
| Terms of availability | Tk.160.00 |
| 035 ## - SYSTEM CONTROL NUMBER | |
| System control number | (BD-RjUL) 39238 |
| 040 ## - CATALOGING SOURCE | |
| Original cataloging agency | BD-RjUL |
| Language of cataloging | ben |
| Transcribing agency | BD-RjUL |
| 041 ## - LANGUAGE CODE | |
| Language code of text/sound track or separate title | ben |
| 082 ## - DEWEY DECIMAL CLASSIFICATION NUMBER | |
| Edition number | 23 |
| Classification number | 891.443 |
| Author mark and year | SHT 2008 |
| 100 ## - MAIN ENTRY--PERSONAL NAME | |
| Personal name | শামীম, ইমতিয়ার |
| 9 (RLIN) | 120732 |
| 245 10 - TITLE STATEMENT | |
| Title | তা হলে বৃষ্টিদিন তা হলে ১৪ জুলাই / |
| Statement of responsibility, etc. | ইমতিয়ার শামীম |
| 260 ## - PUBLICATION, DISTRIBUTION, ETC. (IMPRINT) | |
| Place of publication, distribution, etc. | ঢাকা : |
| Name of publisher, distributor, etc. | দি ইউনিভার্সিটি প্রেস লিমিটেড, |
| Date of publication, distribution, etc. | ২০০৮ |
| 300 ## - PHYSICAL DESCRIPTION | |
| Pagination | [৮], ১১১ পৃ.; |
| Size | ২২ সেমি. |
| 650 ## - SUBJECT ADDED ENTRY--TOPICAL TERM | |
| Topical term or geographic name as entry element | বাংলা উপন্যাস |
| 9 (RLIN) | 120733 |
| Topical term or geographic name as entry element | Bengali Fiction |
| 9 (RLIN) | 120734 |
| 942 ## - ADDED ENTRY ELEMENTS (KOHA) | |
| Source of classification or shelving scheme | Dewey Decimal Classification |
| Koha item type | Books |
| Lost status | Source of classification or shelving scheme | Damaged status | Not for loan | Collection code | Permanent Location | Current Location | Shelving location | Date acquired | Source of acquisition | Cost, normal purchase price | Total Checkouts | Full call number | Date last seen | Copy number | Koha item type |
|---|---|---|---|---|---|---|---|---|---|---|---|---|---|---|---|
| Dewey Decimal Classification | Not For Loan | Fiction | Central Library, University of Rajshahi | Central Library, University of Rajshahi | Reading Room | 23/12/2013 | Prothom Prokashon, Dhaka | 160.00 | B 891.443 SHT 2008 | 05/04/2016 | C-1 | Books | |||
| Dewey Decimal Classification | Fiction | Central Library, University of Rajshahi | Central Library, University of Rajshahi | 23/12/2013 | Prothom Prokashon, Dhaka | 160.00 | B 891.443 SHT 2008 | 05/04/2016 | C-2 | Books | |||||
| Dewey Decimal Classification | Fiction | Central Library, University of Rajshahi | Central Library, University of Rajshahi | 23/12/2013 | Prothom Prokashon, Dhaka | 160.00 | B 891.443 SHT 2008 | 05/04/2016 | C-3 | Books |